1102 1231 1219 1969 1348 1029 1959 1679 1071 1210 1157 1624 1970 1067 1465 1153 1114 1447 1708 1587 1005 1570 1939 1372 1612 1661 1599 1910 1314 1853 1908 1347 1390 1356 1209 1152 1559 1178 1971 1508 1132 1353 1452 1298 1240 1546 1157 1171 1687 1645 1470 1110 1520 1526 1840 1073 1202 1702 1690 1421 1152 1078 1861 1857 1777 1444 1299 1274 1844 1309 1835 1656 1810 1692 1358 1430 1080 1821 1758 1490 1178 1780 1488 1296 1856 1015 1989 1727 1029 1298 1532 1899 1236 1554 1395 1529 1978 1051 1363 BCNSPRNW ULIB Ver.6.0+V

เปลี่ยนเป็นภาษาไทย

Change to English
 แสดงรายละเอียดบรรณานุกรม
  กลับหน้าหลัก

Brief Record : Get Marc (ISO 2709) : E-mail record : QR code < ปิดหน้าต่าง
LEADER : 00000nam 2200000uu 4500
001    13399128160
003     ULIB
008    220801s2564||||th 000 0 tha d
020 ^  ^a9789740340447
050 0  ^aQ180.55.G7^bธ662พ
100 0  ^aธีระ อาชวเมธี.
245 1  ^aพื้นฐานการวิจัยเชิงประจักษ์ ^bFundamentals of empirical research /^cธีระ อาชวเมธี, สมหวัง พิธิยานุวัฒน์, กมลวรรณ ตังธนกานนท์.
246 1  ^aFundamentals of enpirical research.
250 ^  ^aพิมพ์ครั้งที่ 2.
260 ^  ^aกรุงเทพฯ :^bสำนักพิมพ์จุฬาลงกร์มหาวิทยาลัย,^c2564.
300 ^  ^a329 หน้า :^bภาพประกอบ ;^c26 ซม.
504 ^  ^aเอกสารอ้างอิง: หน้า 325-329.
650 ^  ^aวิจัย.
700 0  ^aสมหวัง พิธิยานุวัฒน์.
700 0  ^aกมลวรรณ ตังธนกานนท์.
945    ^p360^l0^i29396
945    ^p360^l0^i29397
945    ^p360^l0^i29398
945    ^p360^l0^i29399
945    ^p360^l0^i29400
999    ^aกัณชพร จุลอักษร
รายการนี้ยังไม่มีแท็ก
คุณยังไม่ได้ล็อกอิน คุณสามารถมีกิจกรรมร่วมกับเว็บไซต์ได้ แต่ต้องล็อกอินก่อน ::
  ล็อกอิน

รายการสื่อสารสนเทศ

ลำดับที่ ประเภท เลขเรียก/บาร์โค้ด สถานที่ สถานะ
1. หนังสือสำรอง
หนังสือสำรอง
Q180.55.G7 ธ662พ ฉ.1 
  Barcode: 29396
ห้องสมุดวิทยาเขตนครสวรรค์
►หนังสือทั่วไป:l:General Books
บนชั้น
2. วิทยาศาสตร์การแพทย์ และสุขภาพ
วิทยาศาสตร์การแพทย์ และสุขภาพ
Q180.55.G7 ธ662พ ฉ.2 
  Barcode: 29397
ห้องสมุดวิทยาเขตนครสวรรค์
►หนังสือทั่วไป:l:General Books
บนชั้น
3. วิทยาศาสตร์การแพทย์ และสุขภาพ
วิทยาศาสตร์การแพทย์ และสุขภาพ
Q180.55.G7 ธ662พ ฉ.3 
  Barcode: 29398
ห้องสมุดวิทยาเขตนครสวรรค์
►หนังสือทั่วไป:l:General Books
บนชั้น
4. วิทยาศาสตร์การแพทย์ และสุขภาพ
วิทยาศาสตร์การแพทย์ และสุขภาพ
Q180.55.G7 ธ662พ ฉ.4 
  Barcode: 29399
ห้องสมุดวิทยาเขตนครสวรรค์
►หนังสือทั่วไป:l:General Books
บนชั้น
5. วิทยาศาสตร์การแพทย์ และสุขภาพ
วิทยาศาสตร์การแพทย์ และสุขภาพ
Q180.55.G7 ธ662พ ฉ.5 
  Barcode: 29400
ห้องสมุดวิทยาเขตนครสวรรค์
►หนังสือทั่วไป:l:General Books
บนชั้น

รายการใกล้เคียง
    ผู้แต่ง [ธีระ อาชวเมธี.]

    หัวเรื่อง [วิจัย.]

BibComment


ยังไม่เคยถูกคอมเมนท์

คอมเมนท์ทรัพยากรรายการนี้
  คอมเมนท์: พื้นฐานการวิจัยเ..


 Copyright 2026. Bcnsprnw @Library